NIFL League Cup Winners - Statistics

General Stats
  • This quiz has been taken 28 times
    16 since last reset
  • The average score is 35 of 38
Answer Stats
Hint Answer % Correct
2003–04 Cliftonville
100%
2012–13 Cliftonville
100%
2013–14 Cliftonville
100%
2014–15 Cliftonville
100%
2015–16 Cliftonville
100%
2021–22 Cliftonville
100%
2024-25 Cliftonville
100%
1986–87 Linfield
100%
1991–92 Linfield
100%
1993–94 Linfield
100%
1997–98 Linfield
100%
1998–99 Linfield
100%
1999–2000 Linfield
100%
2001–02 Linfield
100%
2005–06 Linfield
100%
2007–08 Linfield
100%
2018–19 Linfield
100%
2022–23 Linfield
100%
2023–24 Linfield
100%
2017–18 Dungannon Swifts
92%
1989–90 Glenavon
92%
1988–89 Glentoran
92%
1990–91 Glentoran
92%
2000–01 Glentoran
92%
2002–03 Glentoran
92%
2004–05 Glentoran
92%
2006–07 Glentoran
92%
2009–10 Glentoran
92%
1994–95 Ards
85%
2016–17 Ballymena United
85%
1987–88 Coleraine
85%
2019–20 Coleraine
85%
1996–97 Crusaders
85%
2011–12 Crusaders
85%
1995–96 Portadown
85%
2008–09 Portadown
85%
1992–93 Bangor
69%
2010–11 Lisburn Distillery
69%
No matching quizzes found
Score Distribution
Percent of People with Each Score
Percentile by Number Answered
Your Score History
You have not taken this quiz since the last reset